Manual de costos y precios en la construcción 1996
Enregistré dans:
| Auteur principal: | |
|---|---|
| Autres auteurs: | |
| Format: | Livre |
| Langue: | Spanish |
| Publié: |
México:LImusa
1996
|
| Édition: | 8 |
| Sujets: | |
| Tags: |
Ajouter un tag
Pas de tags, Soyez le premier à ajouter un tag!
|
MARC
| LEADER | 00000nam a2200000Ia 4500 | ||
|---|---|---|---|
| 003 | 000267 | ||
| 005 | 20221231143942.0 | ||
| 008 | 140114s1996 mx a 000 ||spa d | ||
| 040 | |c cru CEDI | ||
| 082 | |a 657.869 S939c | ||
| 100 | |a Suárez Salazar, Carlos |9 18470 | ||
| 245 | |a Manual de costos y precios en la construcción 1996 | ||
| 250 | |a 8 | ||
| 260 | |a México:LImusa |c 1996 | ||
| 300 | |a 372[8] páginas ; ilustraciones | ||
| 650 | |x CONSTRUCCION-PRESUPUESTOS |x INDUSTRIA DE LA CONSTRUCCION |x CONTABILIDAD |9 20584 | ||
| 700 | |9 18471 |a Herrera Rodelo, Jesús Enrique | ||
| 942 | |2 ddc |c BK | ||
| 999 | |c 14701 |d 14701 | ||
